00330nam a2200133Ia 4500008004100000020001500041041001200056082001600068100001500084245004800099260002500147300000900172650001500181221030s9999 xx 000 0 und d a0070590958 aEnglish a105.23bBaw aH. S. Bawa 0aManufacturing Technolgoy - Icby H. S. Bawa bTMHaNew Delhic2006 a14.9 aMechanical